Teoría y práctica social de la discapacidad : organizaciones ciudadanas : hacia una cultura de la inclusión /

Uno de los principales aportes del presente libro es que señala de manera clara y concisa el papel fundamental de las organizaciones de la sociedad civil, para que realicen un análisis que supere la visión reduccionista de la discapacidad, que no se le vea como un problema de salud, individualizado,...

Full description

Bibliographic Details
Main Author: González Návar, Raúl Sergio
Format: Libro
Language:Spanish
Published: Sinaloa Universidad Autónoma de Sinaloa 2006
Edition:1a. ed.
Subjects:
Online Access:

MARC

LEADER 00000cam a2200000 a 4500
001 013126
003 UAHC_CL
005 20170803121001.0
008 100120s2006 mx 000 spa
020 |a 9706601643 
040 |a UAHC_CL  |c UAHC_CL  |d UAHC_CL 
082 0 4 |a 362.4  |b G642  |2 20 
100 1 |a González Návar, Raúl Sergio 
245 1 0 |a Teoría y práctica social de la discapacidad :  |b organizaciones ciudadanas : hacia una cultura de la inclusión /  |c Raúl Sergio González Návar. 
250 |a 1a. ed. 
260 |b Universidad Autónoma de Sinaloa  |a Sinaloa  |c 2006 
300 |a 160 p. 
505 0 |a Marco teórico conceptual -- Aspectos metodológicos: distintas concepciones de la discapacidad -- Aportes. 
520 |a Uno de los principales aportes del presente libro es que señala de manera clara y concisa el papel fundamental de las organizaciones de la sociedad civil, para que realicen un análisis que supere la visión reduccionista de la discapacidad, que no se le vea como un problema de salud, individualizado, sino que se asuma como un fenómeno social, como un asunto de derechos humanos que debe ser enfocado con políticas públicas dirigidas a apoyar la organización y movilización de este sector. 
650 4 |a PERSONAS DISCAPACITADAS 
653 |a TRABAJO SOCIAL 
900 |a 362.4 GON 
942 |c BK 
952 |0 0  |1 0  |4 0  |6 362_400000000000000_GON  |7 0  |8 General  |9 26528  |a BC  |b BR  |c General  |d 2017-08-03  |l 2  |m 2  |o 362.4 GON  |p 1376039  |r 2026-01-14 00:00:00  |s 2025-03-18  |t 1  |w 2017-08-03  |y BK 
999 |c 13126  |d 13126